000 00374 a2200133 4500
000 nam a22 7a 4500
005 20260216094816.0
020 _a978-1-84593-470-5
100 _aMcCool, Stephen F.
_91115978
245 _aTourism, recreation and sustainability: linking culture and the environment
250 _a2nd
260 _bCAB International
_c2009
942 _cTB
999 _c1679718
_d1679718